Εργασιακές σχέσεις και ευρωπαϊκή ενοποιήση : ευελιξία και απορρύθμιση ή αναβάθμιση της εργασίας;

Αποθηκεύτηκε σε:
Λεπτομέρειες βιβλιογραφικής εγγραφής
Κύριος συγγραφέας: Κουζής, Γιάννης
Μορφή: Βιβλίο
Γλώσσα:Greek
Δημοσίευση: Αθήνα : ΙΝΕ/ΓΣΕΕ-ΑΔΕΔΥ, 2001
Σειρά:Μελέτες ; 14
Θέματα:
Ετικέτες: Προσθήκη ετικέτας
Δεν υπάρχουν, Καταχωρήστε ετικέτα πρώτοι!

MARC

LEADER 00000cam a2200000 i 4500
001 1/58278
008 020213s2001 gre d
020 |a 960-7402-18-9 
035 |l 10000304 
040 |a GR-MY-UA  |b gre  |e aacr 
041 0 |a gre 
082 0 |a 331.094  |2 (21) 
100 1 |a Κουζής, Γιάννης. 
245 1 0 |a Εργασιακές σχέσεις και ευρωπαϊκή ενοποιήση :  |b ευελιξία και απορρύθμιση ή αναβάθμιση της εργασίας; /  |c Γιάννης Κουζής 
260 |a Αθήνα :   |b ΙΝΕ/ΓΣΕΕ-ΑΔΕΔΥ,   |c 2001 
300 |a 463 σ.;  |c 24 εκ. 
490 1 |a Μελέτες  |v ; 14 
504 |a Περιέχει βιβλιογραφία 
650 0 0 |a Industrial relations  |z European Union countries. 
650 0 0 |a Employee rights  |z European Union countries. 
650 0 0 |a Labor laws and legislation  |z European Union countries. 
650 0 0 |a Industrial laws and legislation  |z European Union countries. 
852 |a INST  |b LESVOS  |e 20020213  |h 331.094 ΚΟΥ  |p 005100028371  |q 005100028371  |t BK  |y 0 
901 |a BIBL1-2002-1 
909 |a Λ  |b 100760 
970 |a ΜΟΥΣΤΑΚΑ  |b ΠΗΝΕΛΟΠΗ  |z 2002/02/13